E-commerce : business on the Internet /

This book is about: An introduction to electronic commerce; Personal and business services online; Byuing online; Doing business on the Web; Developing an electronic commerce Web site; ...

محفوظ في:
التفاصيل البيبلوغرافية
المؤلف الرئيسي: McLaren, Constance H.
مؤلفون آخرون: McLaren, Bruce J.
التنسيق: كتاب
اللغة:English
منشور في: Cincinnati : South-Western Educational, 2000.
الموضوعات:
الوسوم: إضافة وسم
لا توجد وسوم, كن أول من يضع وسما على هذه التسجيلة!
Thư viện lưu trữ: Mạng thư viện Đại học Đà Nẵng
LEADER 01142cam a2200361 i 4500
001 000048278
003 7988
005 20041027084503.0
008 010322b2000 vm 000 eng
020 |a 0538689188 
040 |a IRC  |c IRC  |d IRC 
041 0 |a eng 
082 1 4 |a 658.800285  |b MC-C 
100 1 |a McLaren, Constance H. 
245 1 0 |a E-commerce :  |b business on the Internet /  |c Constance H. McLaren, Bruce J. McLaren. 
260 |a Cincinnati :  |b South-Western Educational,  |c 2000. 
300 |a xii, 291 p. :  |b col. ill. ;  |c 27.5 cm. 
520 3 |a This book is about: An introduction to electronic commerce; Personal and business services online; Byuing online; Doing business on the Web; Developing an electronic commerce Web site; ... 
630 0 4 |a Internet. 
630 0 4 |a Business. 
630 0 4 |a Electronic commerce. 
650 0 4 |a Electronic commerce. 
700 1 |a McLaren, Bruce J. 
OWN |a DUT 
999 |a From the UDN01 
TYP |a Monograph 
TYP |a Printed language 
980 |a Mạng thư viện Đại học Đà Nẵng